| 000 | 00640nam a2200205Ia 4500 | ||
|---|---|---|---|
| 005 | 20221128142048.0 | ||
| 008 | 131103s9999 xx 000 0 und d | ||
| 020 |
_a883867907 _cRs.33 |
||
| 040 | _aLoreto College | ||
| 041 | _aEnglish | ||
| 082 |
_a954.14 _bCHA |
||
| 100 | _aChakraborti,Smarjit | ||
| 245 | 4 |
_aThe Bengal Press (1818 - 1868) _b a study in the growth of Public Opinion _cSmarajit Chakraborti |
|
| 260 |
_aCalcutta _bFirma KLM Private Limited _c1976 |
||
| 300 |
_a252 p. _b plates |
||
| 504 | _aIncludes index and bibliographical references and appendix | ||
| 650 | _aBengal - History | ||
| 850 | _aLCLIB | ||
| 942 | _cBK | ||
| 999 |
_c10086 _d60565 |
||